000 00807nas a2200253 4500
001 BR2019001123
003 BR-BrBNA
005 20231205131708.0
007 ta
008 230509b bl.|||p| |||| 00| 00por d
040 _aBR-BrBNA
_bpor
_cBiblioteca Nacional de Agricultura
041 _a(Pt)
072 _aF63
100 1 _aVello, F.
100 1 _aMagalhães, W.S.
245 1 _aEstudos sobre a participação da formiga Caçarema (Azteca chartifex spiriti Forel)na polinização do cacaueiro na Bahia
650 _aCACAU
650 _aFORMIGA
650 _aPOLINIZAÇÃO
773 0 _tRevista Theobroma (Brazil)
_xISSN 0370-7962
_g(Oct-Dec 1971), v. 1(4) p. 29-42
_wBR2019001123
856 4 0 _dLink DSPACE/MAPA BR2019001123
909 _a202311
_bLúcia
_c55
_dLúcia Elande
942 _2AGRIS
_n0
_cANA
999 _c256180
_d256180